Selected minor constituents of palm oil /
Saved in:
| Main Author: | |
|---|---|
| Format: | Thesis Book |
| Language: | English |
| Published: |
1985
|
| Subjects: | |
| Tags: |
Add Tag
No Tags, Be the first to tag this record!
|
| LEADER | 00766cam a2200229 a 4500 | ||
|---|---|---|---|
| 001 | u50049 | ||
| 003 | SIRSI | ||
| 008 | 870428s1985 my t 00 1 eng m | ||
| 035 | |a AAF-3859 | ||
| 040 | |a UMM | ||
| 090 | |a TP684 |b P3Gee | ||
| 091 | |a Microfiche 9695 | ||
| 100 | 1 | 0 | |a Gee, Ping Tou. |
| 245 | 1 | 0 | |a Selected minor constituents of palm oil / |c by Gee Ping Tou. |
| 260 | |c 1985 | ||
| 300 | |a xix, 234 leaves ; |c 30cm. | ||
| 500 | |a Microfiche. Kuala Lumpur : Perpustakaan Universiti Malaya, 1987. 3 fiches, 11x15cm. | ||
| 502 | |a Thesis (Ph.D.) -- Fakulti Sains, Universiti Malaya, 1985. | ||
| 650 | 0 | |a Palm oil |x Composition. | |
| 948 | |a 16/03/1991 |b 25/11/2000 | ||
| 596 | |a 1 | ||
| 999 | |a F TP684 P3GEE |w LC |c 1 |i A010253013 |d 28/3/2001 |l STACKS |m P01UTAMA |n 5 |r Y |s Y |t TESIS |u 19/2/1992 | ||
